Statystyki dla Największe miasto we Włoszech według regionu

Kliknij tutaj aby rozwiązać quiz!

Ogólne statystyki

  • Ten quiz został rozwiązany 129 razy
  • Średni wynik to 11 z 20

Statystyki odpowiedzi

RegionMiasto% Poprawnych
LacjumRzym
99%
PiemontTuryn
97%
Wenecja EuganejskaWenecja
97%
LombardiaMediolan
96%
KampaniaNeapol
94%
SycyliaPalermo
90%
ToskaniaFlorencja
85%
ApuliaBari
75%
LigurdiaGenua
70%
Emilia-RomaniaBolonia
63%
SardyniaCagliari
56%
Friuli-Wenecja JulijskaTriest
40%
Trydent-Górna AdygaTrydent
34%
AbruzjaPescara
27%
UmbriaPerugia
23%
MarcheAnkona
20%
KalabriaReggio di Calabria
18%
Dolina AostyAosta
15%
BasilicataPotenza
12%
MoliseCampobasso
9%

Rozkład punktacji

Percentyl według liczby udzielonych odpowiedzi

Procent ludzi z każdym wynikiem

Twoja historia wyników

Nie rozwiązałeś tego quizu